[Event "Mistrzostwa Polski do lat 12"]
[Site "?"]
[Date "1995.09.??"]
[Round "?"]
[White "Poniatowski, Pawel"]
[Black "Hryczuk, Andrzej"]
[Result "0-1"]
[WhiteElo "1800"]
[BlackElo "1800"]
[PlyCount "90"]

1. e4 e5 2. Nf3 Nc6 3. Bb5 a6 4. Ba4 Nf6 5. O-O Be7 6. Re1 b5 7. Bb3 O-O 8. d4
d6 9. c3 exd4 10. cxd4 Bg4 11. d5 Ne5 12. Nbd2 c5 13. h3 Nxf3+ 14. Nxf3 Bxf3
15. Qxf3 Nd7 16. Bf4 Qc7 17. Rad1 Bf6 18. Qg3 Ne5 19. Bg5 Bxg5 20. Qxg5 h6 21.
Qg3 Rad8 22. f4 Ng6 23. Kh1 Rfe8 24. h4 h5 25. Rd2 Qe7 26. Bd1 Qxh4+ 27. Qxh4
Nxh4 28. Bxh5 Nf5 29. Kh2 g6 30. Bg4 Nh6 31. Bf3 f6 32. Rdd1 Kg7 33. Kg3 Re7
34. Kf2 Rde8 35. g3 f5 36. exf5 Nxf5 37. Rxe7+ Rxe7 38. Bg4 Ne3 39. Bf3 Nxd1+
40. Bxd1 Kf6 41. Bg4 Re4 42. Be6 Rc4 43. Bc8 a5 44. Ba6 Rc2+ 45. Kf3 Rxb2 0-1

[Event "Mistrzostwa Polski do lat 12"]
[Site "?"]
[Date "1995.09.??"]
[Round "?"]
[White "Urbanek, Marcin"]
[Black "Hryczuk, Andrzej"]
[Result "0-1"]
[WhiteElo "2000"]
[BlackElo "1800"]
[PlyCount "108"]

1. c4 Nf6 2. Nc3 g6 3. g3 Bg7 4. Bg2 O-O 5. d4 e6 6. e3 d5 7. cxd5 Nxd5 8. Nge2
c6 9. O-O Nd7 10. b3 N7b6 11. Ba3 Re8 12. Ne4 Bf8 13. Bxf8 Rxf8 14. Nc5 Nd7 15.
Nxd7 Bxd7 16. Rc1 Qa5 17. a4 Rad8 18. Rc5 Qb6 19. Qb1 Rfe8 20. Rd1 e5 21. Rcc1
Bg4 22. Re1 Bxe2 23. Rxe2 exd4 24. Bxd5 Rxd5 25. Rce1 Rde5 26. e4 f5 27. Qd3
fxe4 28. Rxe4 Rxe4 29. Rxe4 Rxe4 30. Qxe4 Qd8 31. Qe6+ Kf8 32. Qe5 Kg8 33. Qe6+
Kg7 34. Qe5+ Kh6 35. h4 d3 36. Qf4+ Kg7 37. Qe5+ Kg8 38. Qe6+ Kf8 39. Qe1 d2
40. Qd1 Qd4 41. Kf1 Qd3+ 42. Kg1 a6 43. f3 b5 44. axb5 axb5 45. Kf2 c5 46. Qa1
d1=Q 47. Qf6+ Ke8 48. Qe6+ Kd8 49. Qb6+ Ke7 50. Qxc5+ Qd6 51. Qg5+ Qf6 52. Qc5+
Qdd6 53. Qa7+ Kf8 54. Qa8+ Qfd8 0-1

[Event "Mistrzostwa Polski do lat 12"]
[Site "?"]
[Date "1995.09.??"]
[Round "?"]
[White "Hryczuk, Andrzej"]
[Black "Walczak, Przemyslaw"]
[Result "0-1"]
[WhiteElo "1800"]
[BlackElo "1800"]
[PlyCount "48"]

1. e4 d6 2. d4 Nf6 3. Nc3 g6 4. Be3 Bg7 5. Nf3 O-O 6. Be2 Nc6 7. Qd2 e5 8. dxe5
dxe5 9. O-O-O Qxd2+ 10. Rxd2 a6 11. Rhd1 Be6 12. h3 b5 13. a3 Nh5 14. Nd5 Bxd5
15. exd5 Ne7 16. Bc5 Rfe8 17. g3 Bh6 18. Be3 Bxe3 19. fxe3 Nxg3 20. Bd3 e4 21.
Rg1 Nef5 22. Nd4 exd3 23. cxd3 Nxd4 24. Rxg3 Nb3+ 0-1

[Event "Polfinaly Mistrzostw Polski '95"]
[Site "?"]
[Date "1995.11.08"]
[Round "?"]
[White "Maka Michal"]
[Black "Andrzej Hryczuk"]
[Result "1/2-1/2"]
[WhiteElo "1800"]
[BlackElo "1800"]
[PlyCount "72"]

1. e4 e6 2. d4 d5 3. Nc3 dxe4 4. Nxe4 Nf6 5. Bd3 Be7 6. Nf3 b6 7. Nxf6+ gxf6 8.
Be4 c6 9. Bf4 Bd6 10. Bxd6 Qxd6 11. c3 Nd7 12. Qe2 Bb7 13. h3 f5 14. Bc2 O-O-O
15. O-O-O Rhg8 16. g3 Qc7 17. Rhe1 c5 18. Kb1 Qc6 19. Ne5 Nxe5 20. dxe5 Qf3 21.
Bd3 Kc7 22. Qxf3 Bxf3 23. Be2 Bxe2 24. Rxd8 Rxd8 25. Rxe2 Kc6 26. Kc2 c4 27. g4
fxg4 28. hxg4 Rg8 29. Re4 Kd5 30. f3 b5 31. b3 Rc8 32. Rf4 Rc7 33. Re4 Rc8 34.
Rf4 Rc7 35. Re4 Rc8 36. Rf4 Rc7 1/2-1/2

[Event "Polfinaly Mistrzostw Polski '95"]
[Site "?"]
[Date "1995.11.09"]
[Round "?"]
[White "Dziuba Marcin"]
[Black "Andrzej Hryczuk"]
[Result "1-0"]
[WhiteElo "2000"]
[BlackElo "1800"]
[PlyCount "81"]

1. d4 Nf6 2. c4 g6 3. Nc3 Bg7 4. e4 d6 5. Be2 O-O 6. Nf3 Nbd7 7. O-O e5 8. d5
Ne8 9. Ne1 f5 10. f3 Nef6 11. g4 f4 12. Nd3 g5 13. Bd2 Qe8 14. b4 h5 15. h3 b6
16. c5 bxc5 17. bxc5 Ba6 18. cxd6 cxd6 19. Nb4 Bxe2 20. Qxe2 Nc5 21. Nc6 Rf7
22. Nb5 Bf8 23. Bb4 Qc8 24. Bxc5 dxc5 25. Nxe5 Rb7 26. Nc6 a6 27. Nc3 Qc7 28.
Qc4 hxg4 29. hxg4 Qh7 30. Qe2 Qd7 31. Rf2 Bg7 32. Rc1 Re8 33. Qd1 Rc7 34. Na4
Bf8 35. Nxc5 Qd6 36. Nxa6 Rh7 37. e5 Qa3 38. exf6 Qxa6 39. d6 Qb6 40. Qc2 Rh6
41. d7 1-0

[Event "Jesien '95"]
[Site "?"]
[Date "1995.11.24"]
[Round "?"]
[White "Hryczuk, Andrzej"]
[Black "Meinert, Tomasz"]
[Result "1/2-1/2"]
[WhiteElo "1800"]
[BlackElo "2000"]
[PlyCount "105"]

1. e4 c5 2. Nc3 Nc6 3. g3 g6 4. Bg2 Bg7 5. d3 d6 6. f4 e6 7. Nf3 Nge7 8. O-O
O-O 9. h3 Nd4 10. Ne2 Rb8 11. c3 Nxe2+ 12. Qxe2 f5 13. Be3 b6 14. Rac1 Ba6 15.
exf5 exf5 16. c4 Qd7 17. b3 Bb7 18. Bd2 Rfe8 19. Qf2 Nc6 20. Bc3 Bxc3 21. Rxc3
Re7 22. Rcc1 Rbe8 23. Rfe1 Nb4 24. Rxe7 Rxe7 25. Qd2 Qe8 26. Kf2 Be4 27. Rc3
Bxf3 28. Bxf3 Nc6 29. Bxc6 Qxc6 30. Rc1 d5 31. Re1 Kf7 32. Rxe7+ Kxe7 33. Qe3+
Qe6 34. Qxe6+ Kxe6 35. Ke3 d4+ 36. Ke2 a6 37. a4 Kd6 38. Kd2 Kc6 39. Ke2 b5 40.
a5 Kd6 41. Kf3 bxc4 42. bxc4 Ke6 43. Ke2 Kf6 44. h4 Kg7 45. Kf3 Kf6 46. g4
fxg4+ 47. Kxg4 Kg7 48. f5 Kf6 49. fxg6 Kxg6 50. h5+ Kf6 51. Kf4 h6 52. Ke4 Ke6
53. Kf4 1/2-1/2

[Event "Jesien '95"]
[Site "?"]
[Date "1995.11.22"]
[Round "?"]
[White "Hryczuk, Andrzej"]
[Black "Bartel, Mateusz"]
[Result "1/2-1/2"]
[WhiteElo "1800"]
[BlackElo "1800"]
[PlyCount "89"]

1. Nf3 f5 2. g3 g6 3. Bg2 Bg7 4. d4 Nf6 5. O-O d6 6. c3 O-O 7. Nbd2 h6 8. Qc2
Qe8 9. e4 e6 10. Re1 Qf7 11. e5 Nh7 12. h3 Nc6 13. Nc4 d5 14. Ncd2 Ne7 15. b3
g5 16. Nh2 h5 17. Ndf1 Ng6 18. Ba3 Re8 19. Qe2 g4 20. Bc1 Qe7 21. h4 f4 22. Qd3
Qf7 23. Nd2 Bf8 24. Qc2 Be7 25. Bf1 Rf8 26. Nb1 fxg3 27. fxg3 Bxh4 28. gxh4 g3
29. Be3 Nxh4 30. Bg2 gxh2+ 31. Kxh2 Qg6 32. Qxg6+ Nxg6 33. Nd2 Kg7 34. Rf1 Bd7
35. Kg3 Ne7 36. Bh3 Rxf1 37. Rxf1 Ng6 38. Rf2 Rf8 39. Rxf8 Nhxf8 40. Nf3 Ne7
41. Bg5 Nf5+ 42. Bxf5 exf5 43. Kh4 Kg6 44. Bd2 Ne6 45. Ng5 1/2-1/2

[Event "Jesien '95"]
[Site "?"]
[Date "1995.11.21"]
[Round "?"]
[White "Tagiew, Mahir"]
[Black "Hryczuk, Andrzej"]
[Result "0-1"]
[WhiteElo "1800"]
[BlackElo "1800"]
[PlyCount "73"]

1. e4 e6 2. d4 d5 3. Nc3 dxe4 4. Nxe4 Nf6 5. Bg5 Be7 6. Nxf6+ Bxf6 7. Bxf6 gxf6
8. Qd2 e5 9. O-O-O Nc6 10. Bb5 Bd7 11. Nf3 Rg8 12. dxe5 Nxe5 13. Bxd7+ Qxd7 14.
Qe2 Qe7 15. Nxe5 fxe5 16. g3 f6 17. Rhe1 Kf7 18. f4 Rae8 19. fxe5 fxe5 20. Rf1+
Kg7 21. Qg4+ Kh8 22. Qe4 c6 23. Rf5 Rgf8 24. Rdf1 Rxf5 25. Rxf5 Qc5 26. Rh5
Qg1+ 27. Kd2 Rd8+ 28. Kc3 Qc5+ 29. Kb3 Qd5+ 30. Qxd5 Rxd5 31. c4 Rd3+ 32. Kc2
e4 33. Re5 Rd4 34. c5 Kg7 35. Kc3 Rd3+ 36. Kc4 Rd2 37. h4 0-1

[Event "Jesien '95"]
[Site "?"]
[Date "1995.11.20"]
[Round "?"]
[White "Pirozhkov, Alexander"]
[Black "Hryczuk, Andrzej"]
[Result "1-0"]
[WhiteElo "2200"]
[BlackElo "1800"]
[PlyCount "53"]

1. e4 e6 2. Qe2 Nc6 3. Nf3 Nf6 4. e5 Nd5 5. d4 d6 6. g3 Be7 7. Bg2 O-O 8. O-O
f6 9. c4 Nb6 10. exd6 cxd6 11. Nc3 Qc7 12. Be3 e5 13. c5 dxc5 14. dxc5 Nd7 15.
Nd5 Qd8 16. b4 a6 17. a4 Ncb8 18. Rad1 a5 19. Nb6 Ra7 20. Nxc8 Qxc8 21. c6 Nxc6
22. b5 Nd4 23. Bxd4 exd4 24. Qxe7 Re8 25. Qd6 Ra8 26. Nxd4 Ne5 27. Qd5+ 1-0

[Event "Jesien '95"]
[Site "?"]
[Date "1995.11.24"]
[Round "?"]
[White "Krysztofiak, Marcin"]
[Black "Hryczuk, Andrzej"]
[Result "1-0"]
[WhiteElo "1800"]
[BlackElo "1800"]
[PlyCount "29"]

1. e4 e6 2. d4 d5 3. Nc3 dxe4 4. Nxe4 Nf6 5. Bg5 Be7 6. Bxf6 gxf6 7. Nf3 Nc6 8.
c3 b6 9. Bd3 e5 10. dxe5 fxe5 11. Bb5 Bd7 12. Qd5 Nb8 13. Nxe5 Qc8 14. Bxd7+
Nxd7 15. Qxf7+ 1-0

[Event "Jesien '95"]
[Site "?"]
[Date "1995.11.22"]
[Round "?"]
[White "M ka, Marcin"]
[Black "Hryczuk, Andrzej"]
[Result "0-1"]
[WhiteElo "2000"]
[BlackElo "1800"]
[PlyCount "78"]

1. e4 e6 2. d4 d5 3. Nd2 dxe4 4. Nxe4 Nf6 5. Bd3 Be7 6. Nxf6+ gxf6 7. Bf4 Nc6
8. Nf3 Bd6 9. Bg3 Bd7 10. c3 Qe7 11. Qc2 O-O-O 12. O-O-O h6 13. Rhe1 Rhe8 14.
d5 Nb8 15. Nd4 e5 16. Bf5 Qf8 17. Nb5 Bc5 18. b4 Bb6 19. Bh4 a6 20. Na3 Qg7 21.
c4 c5 22. Be4 Rg8 23. h3 Rde8 24. b5 a5 25. Nb1 Bd8 26. g4 h5 27. d6 hxg4 28.
Nc3 Qh6+ 29. Kb1 Qxh4 30. Bxb7+ Kxb7 31. Qe4+ Ka7 32. Nd5 Qg5 33. Nc7 Bxc7 34.
dxc7 Bf5 35. cxb8=Q+ Kxb8 36. Rd6 Bxe4+ 37. Rxe4 Rd8 38. Rb6+ Kc7 39. Rc6+ Kb7
0-1

[Event "Jesien '95"]
[Site "?"]
[Date "1995.11.23"]
[Round "?"]
[White "Hryczuk, Andrzej"]
[Black "Zabailovich, Aleksey"]
[Result "0-1"]
[WhiteElo "1800"]
[BlackElo "2290"]
[PlyCount "84"]

1. e4 c5 2. Nc3 Nc6 3. g3 g6 4. Bg2 Bg7 5. d3 e6 6. f4 Nge7 7. Nf3 O-O 8. O-O
Rb8 9. h3 Nd4 10. Ne2 Nec6 11. c3 Nxe2+ 12. Qxe2 d5 13. g4 b5 14. Bd2 d4 15. e5
dxc3 16. bxc3 Qb6 17. Be3 Rd8 18. Rfd1 Bf8 19. Qf2 Bb7 20. h4 Rbc8 21. h5 gxh5
22. gxh5 Ne7 23. Qg3+ Bg7 24. Nh4 Kh8 25. Qg5 Bxg2 26. Qxe7 Qb7 27. Qg5 Bf3 28.
Rf1 Rg8 29. Kh2 h6 30. Qg3 Be2 31. Rg1 Bxd3 32. Bxc5 Bxe5 33. Qxd3 Bxf4+ 34.
Kh3 Rxc5 35. Qd4+ e5 36. Rxg8+ Kxg8 37. Rg1+ Kh7 38. Qxc5 Qd7+ 39. Kg2 Qg4+ 40.
Kf1 Qxh4 41. Qd5 Qh3+ 42. Rg2 Qf5 0-1

[Event "Jesien '95"]
[Site "?"]
[Date "1995.11.25"]
[Round "?"]
[White "Muzyka, Jakub"]
[Black "Hryczuk, Andrzej"]
[Result "0-1"]
[WhiteElo "1800"]
[BlackElo "1800"]
[PlyCount "112"]

1. e4 e5 2. Nf3 Nc6 3. Bb5 a6 4. Ba4 Nf6 5. O-O Be7 6. Re1 b5 7. Bb3 O-O 8. d4
d6 9. c3 Bg4 10. d5 Na5 11. Bc2 c5 12. Nbd2 Nb7 13. Nf1 Qd7 14. h3 Bxf3 15.
Qxf3 Bd8 16. Ng3 Bb6 17. Nf5 g6 18. Bh6 Rfe8 19. Ng7 Bd8 20. Nxe8 Qxe8 21. Bg5
Nh5 22. Be3 Qe7 23. Qg4 Nf6 24. Bg5 Nxg4 25. Bxe7 Bxe7 26. hxg4 Bg5 27. g3 Na5
28. Bd3 c4 29. Bc2 Nb7 30. Rf1 Nc5 31. f4 Bf6 32. Rfe1 a5 33. g5 Bd8 34. fxe5
dxe5 35. Rad1 Bxg5 36. d6 Nd7 37. Rd5 b4 38. Ba4 bxc3 39. bxc3 Nb6 40. Bc6 Nxd5
41. Bxa8 Nxc3 42. Kf2 Nb5 43. d7 c3 44. Rd1 Nd4 45. Bd5 Kf8 46. d8=Q+ Bxd8 47.
Rc1 c2 48. Bb3 Bg5 49. Rxc2 Nxc2 50. Bxc2 Ke7 51. Kf3 h5 52. Bb3 f6 53. Bd5 Bd2
54. Bc4 f5 55. Bd3 f4 56. gxf4 Bxf4 0-1

[Event "Mistrzostwa Warszawy do lat 20"]
[Site "?"]
[Date "1995.06.01"]
[Round "?"]
[White "Ko osowski, Pawel"]
[Black "Hryczuk, Andrzej"]
[Result "1-0"]
[WhiteElo "1800"]
[BlackElo "1800"]
[PlyCount "67"]

1. e4 e5 2. Bc4 Nc6 3. Nf3 Bc5 4. O-O Nf6 5. d3 d6 6. c3 Be6 7. Bb5 Bd7 8. Nbd2
a6 9. Ba4 O-O 10. h3 h6 11. Re1 Re8 12. Nf1 Ne7 13. Bxd7 Qxd7 14. Ng3 c6 15.
Nh4 d5 16. Qf3 dxe4 17. dxe4 Rad8 18. Bxh6 Qd3 19. Be3 Bxe3 20. Rxe3 Qc2 21.
Ngf5 Qxb2 22. Rf1 Nxf5 23. Nxf5 g6 24. Qg3 Kf8 25. Nh4 Qxa2 26. f4 Qe6 27. fxe5
Nh5 28. Qg5 Ng7 29. Nxg6+ Kg8 30. Rf6 Rd1+ 31. Kh2 Qd7 32. Nh4 Qe7 33. Nf5
Qxe5+ 34. Rg3 1-0

[Event "Mistrzostwa Warszawy do lat 20"]
[Site "?"]
[Date "1995.05.31"]
[Round "?"]
[White "Hryczuk, Andrzej"]
[Black "Rucinski, Grzegorz"]
[Result "0-1"]
[WhiteElo "1800"]
[BlackElo "2075"]
[PlyCount "70"]

1. e4 c5 2. Nc3 Nc6 3. g3 g6 4. Bg2 Bg7 5. d3 d6 6. Nge2 e5 7. O-O Nge7 8. f4
O-O 9. h3 Rb8 10. g4 exf4 11. Bxf4 Nd4 12. Rb1 Nec6 13. Ng3 Ne5 14. Nce2 Ne6
15. Bd2 b5 16. a3 a5 17. Nf4 b4 18. axb4 axb4 19. c3 Ba6 20. c4 Ra8 21. Ra1 Bb7
22. Qc2 Nd4 23. Rxa8 Nxc2 24. Rxd8 Rxd8 25. Rc1 Nd4 26. Be3 Nb3 27. Rd1 Ra8 28.
Nge2 Ra2 29. d4 Nxc4 30. Bc1 Nxd4 31. Kh1 Ra1 32. Nxd4 Bxd4 33. Bf3 Bxb2 34.
Bxb2 Rxd1+ 35. Bxd1 Bxe4+ 0-1

[Event "Mistrzostwa Warszawy do lat 20"]
[Site "?"]
[Date "1995.05.29"]
[Round "?"]
[White "Hryczuk, Andrzej"]
[Black "Plich, Adam"]
[Result "1-0"]
[WhiteElo "1800"]
[BlackElo "1800"]
[PlyCount "123"]

1. e4 c5 2. Nc3 e6 3. g3 d5 4. exd5 exd5 5. Bg2 Nf6 6. d3 Be7 7. Bg5 d4 8. Nce2
O-O 9. Nf3 h6 10. Bxf6 Bxf6 11. O-O Re8 12. Re1 Nc6 13. Nc1 Bg4 14. Nb3 Qd6 15.
Qd2 Bxf3 16. Bxf3 Bg5 17. Qd1 Rac8 18. Nd2 Rxe1+ 19. Qxe1 Bxd2 20. Qxd2 Ne5 21.
Bg2 c4 22. f4 Nc6 23. dxc4 Qc5 24. b3 Re8 25. Kf1 Qd6 26. Rd1 Rd8 27. Qf2 Qf6
28. Bd5 a5 29. a4 Kf8 30. Qd2 b6 31. Qf2 Ne7 32. Qxd4 Qf5 33. Qxb6 Re8 34. Qf2
h5 35. Rd4 Ng6 36. Rd2 Kg8 37. Re2 Rd8 38. Qb6 Rf8 39. Qxa5 h4 40. Qc3 Qh3+ 41.
Ke1 Nxf4 42. Rf2 Nh5 43. Qf3 Nf6 44. gxh4 Qxh4 45. Qf4 Qh3 46. Qg3 Re8+ 47. Re2
Rxe2+ 48. Kxe2 Qh5+ 49. Bf3 Qf5 50. Kd2 Qd7+ 51. Kc3 Qa7 52. Qf4 Qe7 53. Kb2
Qc5 54. Qd2 Qe5+ 55. Qc3 Qxh2 56. a5 Nd7 57. Qd4 Qc7 58. b4 g5 59. Bg4 Ne5 60.
Kb3 Nc6 61. Qc5 Qg3+ 62. Ka4 1-0

[Event "Mistrzostwa Warszawy do lat 20"]
[Site "?"]
[Date "1995.05.28"]
[Round "?"]
[White "Dunalewicz, Pawe "]
[Black "Hryczuk, Andrzej"]
[Result "1/2-1/2"]
[WhiteElo "1800"]
[BlackElo "1800"]
[PlyCount "75"]

1. e4 e5 2. Nf3 Nc6 3. d4 exd4 4. Nxd4 Qh4 5. Nf3 Qxe4+ 6. Be2 Bc5 7. O-O Qe7
8. Nc3 d6 9. Re1 Be6 10. Bc4 O-O-O 11. Bg5 Nf6 12. Nd5 Qf8 13. Rxe6 fxe6 14.
Nxf6 gxf6 15. Bxe6+ Kb8 16. Bh4 Qe7 17. Bd5 Nb4 18. c3 Nxd5 19. Qxd5 Rde8 20.
b4 Bb6 21. a4 c6 22. Qd2 Bc7 23. b5 c5 24. a5 Qe6 25. Bg3 d5 26. b6 Bxg3 27. a6
Bxh2+ 28. Kxh2 Qxb6 29. axb7 Qxb7 30. Qa2 Kc8 31. Kg1 Rhg8 32. Rb1 Qc7 33. Qa6+
Kd8 34. Rb7 Qf4 35. Qxa7 Qc1+ 36. Kh2 Qh6+ 37. Kg1 Qc1+ 38. Kh2 1/2-1/2

[Event "Mistrzostwa Warszawy do lat 20"]
[Site "?"]
[Date "1995.05.28"]
[Round "?"]
[White "Hryczuk, Andrzej"]
[Black "Kopacz, Jaros aw"]
[Result "0-1"]
[WhiteElo "1800"]
[BlackElo "2180"]
[PlyCount "60"]

1. e4 c5 2. Nc3 Nc6 3. g3 g6 4. Bg2 Bg7 5. d3 e6 6. Nge2 Nge7 7. O-O O-O 8. f4
d6 9. h3 Rb8 10. g4 f5 11. Ng3 Nd4 12. Nce2 b5 13. c3 Nxe2+ 14. Qxe2 b4 15. Bd2
Qc7 16. Rab1 fxg4 17. hxg4 bxc3 18. bxc3 Rxb1 19. Rxb1 Qa5 20. Qe1 Qxa2 21. Ra1
Qc2 22. Rxa7 Nc6 23. Rc7 Na5 24. f5 Qxd3 25. f6 Bxf6 26. Bh6 Bxc3 27. Qf2 Bd4
28. Bxf8 Bxf2+ 29. Kxf2 Qd4+ 30. Kf1 Ba6+ 0-1

[Event "Mistrzostwa Warszawy do lat 20"]
[Site "?"]
[Date "1995.05.30"]
[Round "?"]
[White "Minton, Kamil"]
[Black "Hryczuk, Andrzej"]
[Result "1/2-1/2"]
[WhiteElo "2000"]
[BlackElo "1800"]
[PlyCount "92"]

1. d4 d5 2. c4 dxc4 3. e4 e5 4. Nf3 exd4 5. Bxc4 Nc6 6. O-O Nf6 7. Bg5 Be7 8.
Nbd2 O-O 9. Qe2 Bg4 10. h3 Bh5 11. Bf4 Re8 12. Rfe1 Bb4 13. g4 Bg6 14. Bd3 Bd6
15. Bg5 h6 16. Bh4 Bh7 17. Nc4 Bb4 18. Nfd2 b5 19. Na3 a6 20. Nc2 Bxd2 21. Qxd2
g5 22. Bg3 Nxe4 23. Bxe4 Rxe4 24. Rxe4 Bxe4 25. Rd1 d3 26. Ne1 Nd4 27. Qe3 Ne2+
28. Kh2 Nxg3 29. fxg3 Bg6 30. Nxd3 Qe8 31. Qf3 Be4 32. Qf1 Rd8 33. Nf2 Bf3 34.
Rxd8 Qxd8 35. Qd3 Qxd3 36. Nxd3 Kf8 37. Kg1 Ke7 38. Kf2 Bd5 39. a3 Kd6 40. b4
Bb7 41. Ke3 Kd5 42. Nc5 Bc8 43. Kd3 c6 44. Kc3 f5 45. gxf5 Bxf5 46. h4 Bc8
1/2-1/2

[Event "Mistrzostwa Warszawy do lat 20"]
[Site "?"]
[Date "1995.05.27"]
[Round "?"]
[White "Przytycki, Piotr"]
[Black "Hryczuk, Andrzej"]
[Result "0-1"]
[WhiteElo "1600"]
[BlackElo "180"]
[PlyCount "108"]

1. e4 e6 2. d4 d5 3. Nc3 dxe4 4. Nxe4 Nc6 5. Bd3 Be7 6. f4 Nf6 7. Nf2 b6 8. Nf3
Bb7 9. Be2 O-O 10. c4 Bb4+ 11. Bd2 Qe7 12. a3 Bxd2+ 13. Qxd2 Rad8 14. Qc3 Qd6
15. Rd1 Qxf4 16. O-O Rd7 17. Nh3 Qd6 18. c5 Qe7 19. b4 Nd5 20. Qd3 a6 21. Ne5
Nxe5 22. dxe5 bxc5 23. b5 axb5 24. Qxb5 c6 25. Qb3 Ra8 26. Ra1 Ba6 27. Bd3 Bxd3
28. Qxd3 Nf4 29. Qf3 Nxh3+ 30. Qxh3 Qg5 31. Qc3 Rd5 32. Rfe1 Rad8 33. Rab1 h6
34. Rb2 Qf4 35. Rc2 Rc8 36. Kh1 Qd4 37. Qg3 Rcd8 38. h3 c4 39. Rcc1 Rb8 40. Qf3
Rb3 41. Re4 Rxf3 42. Rxd4 Rxh3+ 43. gxh3 Rxd4 44. a4 Re4 45. Kg2 Kh7 46. Kf3
Rxe5 47. Rxc4 Ra5 48. Ke4 Kg6 49. Kd4 Kf6 50. Kc3 c5 51. Kd3 Ke5 52. Ke3 Kd5
53. Kd3 f5 54. Rh4 e5 0-1

[Event "Mistrzostwa Warszawy do lat 20"]
[Site "?"]
[Date "1995.05.27"]
[Round "?"]
[White "Qagowski, Patryk"]
[Black "Hryczuk, Andrzej"]
[Result "0-1"]
[WhiteElo "1600"]
[BlackElo "1800"]
[PlyCount "108"]

1. e4 e6 2. d4 d5 3. exd5 exd5 4. Nc3 Nf6 5. Be3 Bd6 6. Be2 Bf5 7. Nf3 O-O 8.
O-O Nbd7 9. Bg5 c6 10. Bd3 Bxd3 11. Qxd3 Qc7 12. Bxf6 Nxf6 13. h3 Rfe8 14. Rfe1
Qb6 15. Na4 Qb4 16. b3 Qa5 17. Nb2 Bb4 18. Rxe8+ Rxe8 19. Ne5 Bd6 20. Nf3 Bb4
21. a4 Ne4 22. Nd1 b5 23. Ne5 Re6 24. Ne3 f6 25. Nf3 Bc3 26. Ra2 Be1 27. Nxe1
Qxe1+ 28. Qf1 Qxf1+ 29. Kxf1 Nc3 30. Ra1 Re4 31. axb5 Nxb5 32. Ra4 Rxd4 33.
Rxd4 Nxd4 34. Ke1 Kf7 35. Kd2 Ke6 36. Kd3 Nb5 37. f4 f5 38. c4 Nc7 39. cxd5+
Nxd5 40. Nxd5 Kxd5 41. b4 c5 42. b5 c4+ 43. Kc3 Kc5 44. g3 Kxb5 45. g4 g6 46.
g5 a5 47. h4 a4 48. Kb2 Kb4 49. Ka2 c3 50. Kb1 Kb3 51. Ka1 a3 52. Kb1 a2+ 53.
Ka1 c2 54. h5 c1=Q# 0-1

[Event "Mistrzostwa Warszawy do lat 20"]
[Site "?"]
[Date "1995.05.26"]
[Round "?"]
[White "Hryczuk, Andrzej"]
[Black "Murdzia, Piotr"]
[Result "0-1"]
[WhiteElo "1800"]
[BlackElo "2455"]
[PlyCount "120"]

1. e4 c6 2. d4 d5 3. e5 Bf5 4. c3 e6 5. Bd3 Ne7 6. Bg5 Bxd3 7. Qxd3 Qb6 8. Qc2
Nd7 9. Nf3 c5 10. Nbd2 cxd4 11. cxd4 Nc6 12. Nb3 h6 13. Bd2 Qa6 14. a3 Be7 15.
Bc3 O-O 16. Qe2 Qxe2+ 17. Kxe2 f6 18. Rhe1 Rac8 19. Kf1 fxe5 20. Nxe5 Ncxe5 21.
dxe5 Nb6 22. Nd4 Kf7 23. Re3 Bc5 24. Rf3+ Ke7 25. Rxf8 Rxf8 26. b4 Bxd4 27.
Bxd4 Rf4 28. Bc5+ Kd7 29. g3 Rf5 30. Bxb6 axb6 31. Re1 Rf3 32. Ra1 Rc3 33. Ke2
Rc2+ 34. Kf3 Kc6 35. a4 Rc4 36. Rb1 Re4 37. Kg2 Rxe5 38. b5+ Kd7 39. Rb3 Re4
40. Rf3 Ke7 41. Rc3 Rc4 42. Ra3 e5 43. Kf3 Kd6 44. Ke3 Kc5 45. f4 e4 46. g4 Rc2
47. h4 Kc4 48. a5 bxa5 49. Rxa5 Rc3+ 50. Kd2 e3+ 51. Ke2 d4 52. Ra4+ Kd5 53. g5
hxg5 54. fxg5 Ke4 55. h5 Rc2+ 56. Kd1 e2+ 57. Kxc2 e1=Q 58. h6 gxh6 59. gxh6
Qf2+ 60. Kb3 Qe3+ 0-1

[Event "XVII Turniej o Puchar Bieszczadow"]
[Site "Ustrzyki Dolne"]
[Date "1995.07.28"]
[Round "?"]
[White "Binkiewicz, Daniel"]
[Black "Hryczuk, Andrzej"]
[Result "1-0"]
[WhiteElo "2070"]
[BlackElo "1800"]
[PlyCount "65"]

1. e4 e6 2. d4 d5 3. Nd2 dxe4 4. Nxe4 Nc6 5. Nf3 Nf6 6. Nxf6+ gxf6 7. Bf4 Bd6
8. Qd2 b6 9. Bb5 Bb7 10. O-O-O Qd7 11. d5 exd5 12. Rhe1+ Kd8 13. Bxd6 Qxd6 14.
Qxd5 Qxd5 15. Rxd5+ Kc8 16. Rf5 a6 17. Bc4 Ne5 18. Nxe5 fxe5 19. Rexe5 Bxg2 20.
Rxf7 b5 21. Bd3 Kb7 22. Ree7 Rac8 23. f4 Rhf8 24. Bxh7 Rxf7 25. Rxf7 Rd8 26. h4
Kb6 27. b4 Rd4 28. c3 Rd6 29. Rg7 Bd5 30. Rg6 Bxa2 31. Rxd6+ cxd6 32. h5 Kc7
33. h6 1-0

[Event "XVII Turniej o Puchar Bieszczadow"]
[Site "Ustrzyki Dolne"]
[Date "1995.07.30"]
[Round "?"]
[White "Hryczuk, Andrzej"]
[Black "Nowak, Jan"]
[Result "0-1"]
[WhiteElo "1800"]
[BlackElo "2000"]
[PlyCount "68"]

1. e4 c5 2. Nc3 Nc6 3. g3 a6 4. a4 e6 5. Bg2 Nf6 6. d3 Be7 7. Nge2 O-O 8. O-O
d5 9. Qe1 d4 10. Nd1 e5 11. f4 Bd7 12. Nf2 b5 13. axb5 axb5 14. Bd2 Qb6 15.
fxe5 Nxe5 16. Bf4 Bd6 17. Qd2 Bc6 18. h3 Qb7 19. g4 Nfd7 20. Ng3 g6 21. Kh2 f6
22. h4 Qc7 23. Bxe5 Nxe5 24. Qe2 Bd7 25. Bh3 Rxa1 26. Rxa1 Nxg4+ 27. Bxg4 Bxg3+
28. Kh3 Bxf2 29. Qxf2 Bxg4+ 30. Kxg4 f5+ 31. exf5 Rxf5 32. Qg3 Qc8 33. h5 Rg5+
34. Kxg5 Qf5+ 0-1

[Event "XVII Turniej o Puchar Bieszczadow"]
[Site "Ustrzyki Dolne"]
[Date "1995.07.30"]
[Round "?"]
[White "Grzybowski"]
[Black "Hryczuk, Andrzej"]
[Result "1/2-1/2"]
[WhiteElo "1800"]
[BlackElo "1800"]
[PlyCount "93"]

1. e4 e5 2. Nf3 Nc6 3. d4 exd4 4. Nxd4 Qh4 5. Nc3 Bb4 6. Nxc6 Bxc3+ 7. bxc3
Qxe4+ 8. Qe2 Qxe2+ 9. Bxe2 dxc6 10. Bf4 Bf5 11. O-O-O Nf6 12. Bxc7 Nd5 13. Be5
f6 14. Bd4 O-O-O 15. Bf3 b6 16. Rhe1 c5 17. Bxc5 Nxc3 18. Rxd8+ Rxd8 19. Ba3 a5
20. g4 Bg6 21. Kb2 Nb5 22. Be7 Rd2 23. Re2 Rxe2 24. Bxe2 Nd4 25. Bd1 Kd7 26.
Ba3 Be4 27. c3 Nf3 28. Bf8 g6 29. Bg7 Ke7 30. Bxf3 Bxf3 31. h3 g5 32. Bh6 Bg2
33. f4 Bxh3 34. fxg5 Bxg4 35. gxf6+ Kxf6 36. c4 Be6 37. Kc3 Bd7 38. Kd4 Ke6 39.
Bf4 b5 40. cxb5 Bxb5 41. a3 h5 42. Bc7 a4 43. Ke4 h4 44. Kf4 h3 45. Kg3 Bf1 46.
Kh2 Kd5 47. Ba5 1/2-1/2

[Event "XVII Turniej o Puchar Bieszczadow"]
[Site "Ustrzyki Dolne"]
[Date "1995.07.31"]
[Round "?"]
[White "Hryczuk, Andrzej"]
[Black "Grzywna"]
[Result "0-1"]
[WhiteElo "1800"]
[BlackElo "2000"]
[PlyCount "96"]

1. e4 d6 2. d4 Nf6 3. Nc3 g6 4. Nf3 Bg7 5. Be3 Nbd7 6. Be2 O-O 7. Qd2 c5 8.
O-O-O Qc7 9. dxc5 Nxc5 10. Bxc5 Qxc5 11. Qd4 Ng4 12. Qxc5 dxc5 13. Rhf1 Bxc3
14. bxc3 b6 15. Kb2 Nf6 16. Nd2 Bb7 17. f3 Rad8 18. Nb3 Nh5 19. g3 Ng7 20. Rd3
Bc6 21. Rfd1 Ne6 22. Nd2 b5 23. Nb3 c4 24. Rxd8 Rxd8 25. Rxd8+ Nxd8 26. Nd4 Be8
27. Ka3 e5 28. Nxb5 Bxb5 29. Kb4 Bd7 30. Bxc4 Kf8 31. Ka5 Be6 32. Bxe6 Nxe6 33.
Ka6 f5 34. c4 fxe4 35. fxe4 Nc5+ 36. Kxa7 Nxe4 37. Kb6 Nc3 38. c5 e4 39. c6 e3
40. Kb7 Nb5 41. a4 Nd6+ 42. Kc7 Ke7 43. a5 e2 44. a6 e1=Q 45. Kb8 Qb4+ 46. Ka8
Kd8 47. a7 Kc7 48. c4 Qc5 0-1

[Event "XVII Turniej o Puchar Bieszczadow"]
[Site "Ustrzyki Dolne"]
[Date "1995.08.03"]
[Round "?"]
[White "Hryczuk, Andrzej"]
[Black "Ostrowski, Tadeusz"]
[Result "1/2-1/2"]
[WhiteElo "1800"]
[BlackElo "2000"]
[PlyCount "89"]

1. e4 c5 2. Nc3 e6 3. g3 b6 4. Bg2 Bb7 5. d3 Be7 6. Nge2 d5 7. exd5 exd5 8. O-O
Nf6 9. Bg5 Nbd7 10. d4 h6 11. Bxf6 Nxf6 12. dxc5 Bxc5 13. Nf4 O-O 14. Nfxd5
Nxd5 15. Bxd5 Bxd5 16. Qxd5 Bd4 17. Qxd8 Rfxd8 18. Rad1 Rac8 19. Nb5 Bxb2 20.
Nxa7 Ra8 21. Rxd8+ Rxd8 22. Rb1 Bf6 23. Rxb6 Ra8 24. Rb7 h5 25. c4 h4 26. Kg2
hxg3 27. hxg3 Bd4 28. Nc6 Bc5 29. Rb8+ Rxb8 30. Nxb8 f6 31. Na6 Ba7 32. c5 Kf7
33. c6 Ke6 34. c7 Kd7 35. g4 f5 36. Kf3 Bb6 37. a4 g6 38. Ke2 Kc8 39. Kf3 Bd4
40. Ke2 Bc3 41. Kf3 Ba5 42. Kg2 Be1 43. Kh3 Bd2 44. Kh4 Be1 45. Kg5 1/2-1/2